Culture Foot 2 - Statistiques

Statistiques générales
  • Ce quiz a été pris 255 fois
  • Le résultat moyen est 12 sur 20
Statistiques - réponses
Question Réponse % Correct
Seule sélection nationale qui a participée à toutes les editions de la Coupe du Monde Brésil
86%
Séléction nationale dans laquelle évolue Christian Pulisic Etats-Unis
85%
Taille de Mathieu Valbuena en cm 167
83%
Age de Vitorino Hilton, plus vieux joueur de Ligue 1 42
82%
Premier buteur croate lors de la finale de la Coupe du Monde 2018 Perisic
82%
Plus gros transfert de Manchester United (105 millions d'euros) Pogba
76%
Geste technique qui consiste à faire passer le ballon au dessus de l'adversaire Sombrero
76%
Joueur considéré comme le 2eme meilleur joueur africain de tous les temps Eto'o
73%
Séléction comptabilisant 3 défaites en finale de Coupe du Monde sans jamais remporter le titre Pays-Bas
72%
Surnom d'Edinson Cavani El matador
70%
Nombre de cartons rouges reçus par Yannick Cahuzac dans sa carrière 15
66%
Séléction demi-finaliste "surprise" de l'Euro 2016 Pays de Galles
64%
Joueur le plus titré de l'histoire du football Dani alves
58%
Joueur surnomné "El Tigre" Falcao
43%
Meileur buteur de la Coupe du Monde 1998 avec 6 réalisations Suker
40%
Meilleur passeur de l'histoire de la Premier league Giggs
39%
Club espagnol basé à Valence vainqueur d'une coupe d'Espagne Levante
22%
Ancien joueur uruguayen passé notamment par l'Inter Milan et réputé pour une frappe du pied gauche surpuissante Recoba
14%
Meilleur buteur de toutes les séléctions nationales avec 109 réalisations Daei
11%
Nom donné au ballon de la Coupe du Monde 2014 au Brésil Brazuca
10%
Aucun quiz correspondant
Distribution des résultats
% des personnes avec chaque résultat
Percentile par nombre de réponses
Votre historique - résultats
Vous n’avez pas pris ce quiz